Joueurs de tennis par pays #1 - Statistiques

Statistiques générales
  • Ce quiz a été pris 1 038 fois
  • Le résultat moyen est 15 sur 20
Statistiques - réponses
Joueurs Pays % Correct
Novak Djoković Serbie
99%
Rafael Nadal Espagne
98%
Gaël Monfils France
98%
Stefanos Tsitsipas Grèce
97%
Andrey Rublev Russie
97%
Dominic Thiem Autriche
93%
David Goffin Belgique
92%
Casper Ruud Norvège
92%
Grigor Dimitrov Bulgarie
90%
Holger Rune Danemark
84%
Botic Van De Zandschulp Pays-Bas
80%
Alexander Bublik Kazakhstan
74%
Cristian Garín Chili
73%
Illya Marchenko Ukraine
72%
Nikoloz Basilashvili Géorgie
70%
Ernests Gulbis Lettonie
58%
Mohamed Safwat Egypte
51%
Prajnesh Gunneswaran Inde
49%
Emilio Gómez Equateur
32%
Denis Istomin Ouzbékistan
28%
Aucun quiz correspondant
Distribution des résultats
% des personnes avec chaque résultat
Percentile par nombre de réponses
Votre historique - résultats
Vous n’avez pas pris ce quiz